[Event "Stay Safe Play From Home 193"]
[Site "T#646517Emanuel Laske"]
[Date "2020.06.02"]
[Round "3"]
[White "Buzaglo"]
[Black "Grizzzly"]
[Result "0-1"]
[WhiteElo "1904"]
[BlackElo "1693"]
[Annotator "TA"]
[PlyCount "94"]
[EventDate "2020.06.02"]
[EventType "swiss (blitz)"]

{[%evp 13,93,-9,-8,-10,5,0,26,27,65,68,62,44,67,64,72,43,168,164,297,95,104,85,86,64,100,24,101,77,87,68,204,205,245,135,145,94,109,100,100,103,192,183,226,217,818,807,805,788,1091,-14,-16,-143,-77,-269,-139,-219,0,0,0,-78,-74,-126,-97,-333,-358,-334,-237,-458,-433,-402,0,-29989,-199,-207,10,-440,-435,-383,0,0,0,-29999]} 1. d4 e6 2. Nf3 d5 3. g3 Nf6 4. Bg2 c5 5. O-O Nc6 6. dxc5 Bxc5 7. c4 O-O 8. cxd5 {D02: 1 d4 d5 2 Nf3 sidelines, including 2...Nf6 3 g3 and 2...Nf6 3 Bf4.} Qxd5 9. Nc3 Qxd1 (9... Qh5 {feels hotter.} 10. Bg5 Nd5 11. Nxd5 exd5 12. Qxd5 Bb6) 10. Rxd1 {[#] White has an edge.} Rd8 $146 ({Predecessor:} 10... Bd7 11. Ng5 Rfd8 12. Nge4 Nxe4 13. Nxe4 Be7 14. Nd6 Bxd6 15. Rxd6 Be8 16. Rxd8 Rxd8 {½-½ (59) Lysyj,I (2623)-Popov,I (2599) Yaroslavl 2019}) 11. Rxd8+ Nxd8 12. Bg5 Be7 13. Ne5 h6 14. Bf4 Nh5 (14... Bd7 $14) 15. Be3 $18 Bf6 (15... Nc6 $142) 16. Nc4 $2 (16. Rd1 $18 {is more deadly.}) 16... Bd7 17. Nd6 Bc6 18. Bxc6 bxc6 19. Nce4 (19. Rd1 $16) 19... Be7 (19... Bxb2 $11 20. Rb1 Be5) 20. Rd1 (20. Nc4 {with more complications.} f5 21. Nc5 Nf6 22. Rc1 Nd5 23. Bd4) 20... f5 21. Nc5 $36 {[%mdl 2048] White has some pressure.} Bxd6 (21... Nf6 $14) 22. Rxd6 Kf7 23. Bf4 (23. Rd7+ $18 Kg8 24. Bd4) 23... Nf6 24. Rd1 (24. b3 $142) 24... Nd5 25. Be5 g5 26. f3 Rc8 (26... Ke7 $16 {was called for.}) 27. e4 fxe4 28. fxe4 Nf6 $2 (28... Nb6 29. Rf1+ Ke8) 29. Rf1 Ke7 30. Rxf6 Nf7 31. Rf1 $2 (31. Rxe6+ $18 Kd8 32. Bf6+ Kc7 33. Re7+ {[%mdl 64] Double Attack} Kb6 34. Na4+ Kb5 35. Nc3+ Kc4 36. Rxf7) 31... Nxe5 $11 {[%mdl 4096] Endgame KRN-KRN} 32. Na6 {[#]} (32. b3 $11 {remains equal.}) 32... Rd8 (32... c5 $142 $1 {White must now prevent ...Rc6.} 33. Rc1 c4) 33. Nb4 $2 {[#]} (33. b3 $17 {is a better defense.}) 33... Rd2 (33... Rb8 $1 $19 {[%cal Rb8b4]} 34. Na6 Rxb2) 34. b3 (34. Rf2 $17 Rd1+ 35. Kg2) 34... Nd3 $2 (34... c5 $19 35. Na6 c4 36. bxc4 Rxa2) 35. Nxc6+ Kd6 36. Nd4 (36. Nd8 $11 {keeps the balance.}) 36... Rxa2 $17 37. Nb5+ ({White should play} 37. Nf3 Kc5 38. h4) 37... Kc5 38. Nc3 $2 (38. Nc7 $17) 38... Rc2 $19 39. Na4+ Kb4 40. Rf6 $2 (40. Rf7 {might work better.}) 40... Kxb3 41. Rxe6 Nc5 $2 (41... Kxa4 $19 42. Rxh6 a5) 42. Ra6 $2 {[%mdl 8192]} (42. Nxc5+ $11 Rxc5 43. Ra6 (43. Rxh6 a5 $11)) 42... Nxa4 $2 (42... Nxa6 {mates} 43. Kf1 Kxa4 44. e5 Nc5 45. h4 gxh4 46. gxh4 Kb3 47. h5 a5 48. Kg1 a4 49. e6 Nxe6 50. Kf1 a3 51. Ke1 a2 52. Kf1 a1=Q#) 43. Rxa7 Kc3 $2 (43... Rc6 $19 {Hoping for ...Nc5.} 44. Kf2 Nc5) 44. Rc7+ $2 {[%mdl 8192] [#]} (44. Rxa4 $11 {and White is okay.} Kd3 45. e5) 44... Kd3 $1 45. Ra7 Kxe4 $2 (45... Nc3 $19 46. e5 Ne2+ 47. Kf1 Nd4) 46. Rxa4+ $11 Kf3 {[%cal Rc2c1]} 47. Ra6 $2 {[%mdl 8192]} (47. Ra3+ $11 Kg4 48. Ra6) 47... Rc1# {Accuracy: White = 34%, Black = 29%.} 0-1

[Event "Stay Safe Play From Home 193"]
[Site "T#646517Emanuel Laske"]
[Date "2020.06.02"]
[Round "3"]
[White "Trotsky"]
[Black "Konmos"]
[Result "0-1"]
[WhiteElo "1567"]
[BlackElo "1609"]
[Annotator "NA RC"]
[PlyCount "44"]
[EventDate "2020.06.02"]
[EventType "swiss (blitz)"]

1. d4 {[%emt 0:00:01]} e5 {[%emt 0:00:01]} 2. e3 {[%emt 0:00:00]} exd4 {[%emt 0:00:01]} 3. exd4 {[%emt 0:00:01]} c5 {[%emt 0:00:00]} 4. Be3 {[%emt 0:00:01]} cxd4 {[%emt 0:00:00]} 5. Bxd4 {[%emt 0:00:01]} d5 {[%emt 0:00:00]} 6. c4 {[%emt 0:00:01]} Nc6 {[%emt 0:00:00]} 7. Nc3 {[%emt 0:00:03]} dxc4 {[%emt 0:00:02]} 8. Bxc4 {[%emt 0:00:02]} Qxd4 {[%emt 0:00:02]} 9. Qb3 {[%emt 0:00:01]} Nh6 {[%emt 0:00:04]} 10. Nf3 {[%emt 0:00:02]} Qg4 {[%emt 0:00:07]} 11. O-O-O {[%emt 0:00:03]} Bb4 {[%emt 0:00:02]} 12. h3 {[%emt 0:00:02]} Qxg2 {[%emt 0:00:02]} 13. Nh4 {[%emt 0:00:14]} Qxf2 {[%emt 0:00:03]} 14. Rhe1+ {[%emt 0:00:08]} Kf8 {[%emt 0:00:02]} 15. Ng6+ {[%emt 0:00:03]} hxg6 {[%emt 0:00:01]} 16. Rf1 {[%emt 0:00:02]} Qe3+ {[%emt 0:00:01]} 17. Kb1 {[%emt 0:00:01]} Nd4 {[%emt 0:00:05]} 18. Qxb4+ {[%emt 0:00:01]} Kg8 {[%emt 0:00:02]} 19. Qe7 {[%emt 0:00:05]} Bf5+ {[%emt 0:00:01]} 20. Ka1 {[%emt 0:00:02]} Nc2+ {[%emt 0:00:01]} 21. Kb1 {[%emt 0:00:01]} Na3+ {[%emt 0:00:01]} 22. Ka1 {[%emt 0:00:02]} Nxc4 {[%emt 0:00:00] Âðåìÿ (Lag: Av=0.73s, max=1.2s)} 0-1

[Event "Stay Safe Play From Home 193"]
[Site "T#646517Emanuel Laske"]
[Date "2020.06.02"]
[Round "4"]
[White "Mepe_Nika"]
[Black "Rogan"]
[Result "1-0"]
[WhiteElo "2290"]
[BlackElo "2210"]
[Annotator "TA"]
[PlyCount "71"]
[EventDate "2020.06.02"]
[EventType "swiss (blitz)"]

{[%evp 18,71,39,25,45,44,37,37,37,37,58,37,66,37,44,44,50,43,175,189,569,559,579,576,566,566,628,613,1045,775,910,908,905,883,852,828,1081,1070,1826,1099,1774,1837,1529,1383,2687,1421,29981,29982,29984,29985,29986,29987,29985,29975,29993,29994]} 1. c4 c6 2. d4 d5 3. Nf3 Nf6 4. g3 Bg4 5. Bg2 Bxf3 6. Bxf3 e6 7. Nd2 Nbd7 8. O-O Bd6 9. b3 O-O 10. Bb2 a6 {D11: Slav Defence: 3 Nf3 sidelines and 3...Nf6 4 e3 Bg4.} 11. e4 dxe4 12. Nxe4 Nxe4 {White is slightly better.} 13. Bxe4 Nf6 14. Bg2 {[#]} Qc7 $146 ({Predecessor:} 14... Rc8 15. Qc2 Qe7 16. Rad1 b5 17. Rfe1 Rfd8 18. Re2 Bb8 19. h3 h6 20. Kh2 Ba7 {1-0 (40) Mitter,G (2196)-Zehnter,S (2114) Oberhaching 2004}) 15. Re1 Rad8 16. Qc2 Rfe8 17. Rad1 e5 {[#] Black cannot hold the game after this.} ({Black should try} 17... Be7 $14) 18. dxe5 $1 $18 Bxe5 $2 (18... Bb4 {is more resistant.}) 19. Rxd8 {[%mdl 64] Overworked Piece} Qxd8 20. Rxe5 Rxe5 21. Bxe5 Ng4 22. Bb2 Qb6 23. h3 Nf6 24. Bxf6 gxf6 25. Qf5 Qd4 26. Be4 Qa1+ 27. Kg2 Qxa2 28. Qxh7+ Kf8 29. Bc2 Qb2 30. h4 a5 31. h5 b5 32. cxb5 {White mates.} cxb5 33. h6 Qc1 34. Qg7+ {[%mdl 64] [#] Double Attack} Ke7 35. Be4 Qc2 36. Bxc2 {Accuracy: White = 92%, Black = 40%.} 1-0

[Event "Stay Safe Play From Home 193"]
[Site "T#646517Emanuel Laske"]
[Date "2020.06.02"]
[Round "4"]
[White "Toosieslide"]
[Black "Lamborghini"]
[Result "1-0"]
[WhiteElo "2237"]
[BlackElo "2173"]
[Annotator "TA"]
[PlyCount "89"]
[EventDate "2020.06.02"]
[EventType "swiss (blitz)"]

{[%evp 16,89,45,22,22,32,39,-45,102,106,114,8,31,0,0,-294,0,-285,-60,-343,-80,-338,-351,-373,-375,-814,-565,-757,-36,-28,0,0,69,71,71,93,769,534,535,558,641,584,946,371,357,363,442,449,493,485,528,506,508,501,487,496,498,470,1276,612,1073,160,145,149,153,0,149,0,45,45,63,-87,9,0,0,0]} 1. d4 Nf6 2. c4 g6 3. Nc3 Bg7 4. e4 O-O 5. f3 d6 6. Be3 b6 7. Nge2 c5 8. d5 e6 9. Qd2 exd5 {E82: King's Indian: Sämisch: 6...b6.} 10. cxd5 Re8 {[#]} 11. O-O-O $146 (11. Ng3 $14) ({Predecessor:} 11. Ng3 Nbd7 12. Be2 a6 13. a4 h5 14. O-O h4 15. Nh1 Ne5 16. Nf2 Nh7 17. f4 {½-½ (51) Plaskett,H (2463)-Cebrian Flores,J (2044) Xativa 2017}) 11... b5 (11... h5 $15) 12. Nxb5 $16 Qb6 13. Nbc3 ({White should try} 13. Nec3 $16) 13... Nbd7 $11 14. Kb1 Rb8 15. Nc1 $2 {[%mdl 8192] [#]} (15. Na4 $11 Qb5 16. Qc2) 15... a5 $2 (15... Nxd5 $1 $19 {[%mdl 512]} 16. Na4 (16. Nxd5 Qxb2+) 16... Qc6 17. Qxd5 Qxa4) 16. g4 $2 {[%mdl 8192]} (16. Qc2 $11 {and White stays safe.}) 16... a4 $2 (16... Ne5 $19 17. Be2 Nexg4 $1 {[%mdl 512]}) 17. a3 $2 {[%mdl 8192]} ({Better is} 17. Nxa4 $15 Qa7 18. Nc3) 17... Ba6 $2 (17... Ne5 $19 18. Be2 Nexg4) 18. Nxa4 $2 {[%mdl 8192]} (18. Bf4 $17 {might work better.}) 18... Qa7 $19 19. Bxa6 Qxa6 20. Nc3 $2 (20. Qc2 Ne5 21. Nd3) 20... Qxa3 21. Nd3 Rb3 $2 (21... c4 $19 22. Kc1 Qa1+ 23. Kc2 cxd3+ 24. Kxd3 Qa6+ 25. Kc2 Nxe4 $1 {[%mdl 512]} 26. fxe4 Bxc3 27. Qxc3 Rec8 $1 {[%mdl 512]}) 22. Kc2 $15 Rxb2+ (22... Nxe4 $5 {[%cal Rb3b2]} 23. fxe4 (23. bxa3 Rxc3+ 24. Qxc3 Nxc3 $11) 23... Rxc3+ 24. bxc3 c4 $15) 23. Nxb2 Rb8 (23... Nxd5 $11 24. exd5 Rb8) 24. Rb1 $1 $14 ({Don't go for} 24. Nc4 $2 Qb3+ 25. Kc1 (25. Kd3 $2 Qxc4+ 26. Kc2 Nxe4 $19 {[%mdl 64] Pin}) 25... Nxg4 $19) 24... Qb3+ 25. Kc1 Nb6 $2 {[%mdl 8192]} (25... Qa3 $16) 26. Qc2 Qa3 27. Kd2 h5 28. Ke2 {Hoping for Nba4.} hxg4 29. f4 $2 (29. Nba4) 29... Re8 $18 30. Nbd1 Nc4 31. Qb3 Qxb3 32. Rxb3 Nxe3 33. Nxe3 Nxe4 34. Nxe4 Rxe4 35. Rb8+ Kh7 36. h3 Bd4 (36... g3 $142 37. Kf3 Rxe3+ {[%mdl 64] Remove Defender} 38. Kxe3 g2) 37. hxg4+ Kg7 38. Rhh8 $2 (38. g5 $18 {Intending Rbh8 and mate.} Rxe3+ 39. Kd2) 38... Rxe3+ $16 {[%mdl 4096] Endgame KRR-KRB} 39. Kd2 Kf6 40. Rbe8 $2 (40. Rhd8 $16) 40... Ra3 (40... Rg3 $11 {remains equal.}) 41. Re2 ({White has to play} 41. Rh7 $16) 41... Bc3+ 42. Kc2 {Black must now prevent Re3.} Bd4 43. Rd2 {[#]} (43. Re4 $14 {stays ahead.}) 43... Kg7 ({Black should play} 43... Rc3+ $1 $17 44. Kd1 Rg3 45. g5+ Kf5) 44. Re8 Rc3+ 45. Kd1 {[%mdl 32768] Accuracy: White = 30%, Black = 33%. . Sensor Board Error (Ke4/e5)?} 1-0

[Event "Stay Safe Play From Home 193"]
[Site "T#646517Emanuel Laske"]
[Date "2020.06.02"]
[Round "4"]
[White "Scorpio New"]
[Black "Broken sword"]
[Result "0-1"]
[WhiteElo "2175"]
[BlackElo "2535"]
[Annotator "TA"]
[PlyCount "39"]
[EventDate "2020.06.02"]
[EventType "swiss (blitz)"]

{[%evp 9,39,-18,2,-45,-43,-77,-9,-92,-91,-78,-80,-110,-98,-169,-173,-155,-166,-165,-164,-169,-114,-206,-206,-195,-196,-207,-199,-198,-189,-189,-188,-200]} 1. d3 d5 2. Nd2 c6 3. c3 Nf6 4. Qc2 Bf5 5. e4 Bg6 {[#]} 6. e5 $146 {A00: Irregular Openings.} ({Predecessor:} 6. Ngf3 h6 7. Ne5 Bh7 8. Qb3 Qb6 9. exd5 Qxb3 10. Nxb3 Nxd5 11. Be2 e6 12. Na5 {½-½ (59) Ossa,V (2015)-Quiros,J (2103) Antioquia 2018}) 6... Nfd7 $1 7. Ngf3 Qc7 ({Black should play} 7... e6 $17) 8. Nh4 (8. e6 $1 $11 {keeps the balance.} fxe6 9. Nh4) 8... Nxe5 $17 9. Nxg6 hxg6 10. Be2 e6 11. Nf3 (11. d4 $17 {is a better defense.} Ned7 12. g3) 11... Nxf3+ $19 12. Bxf3 Rxh2 13. Rxh2 Qxh2 14. Qe2 Qg1+ (14... Bc5 $19 15. d4 Be7) 15. Qf1 (15. Kd2 $17 {might work better.}) 15... Qxf1+ {Black is clearly better.} 16. Kxf1 Nd7 17. Ke2 Ne5 18. Be3 Nxf3 19. Kxf3 Be7 20. Ke2 {Accuracy: White = 33%, Black = 78%.} 0-1

[Event "Stay Safe Play From Home 193"]
[Site "T#646517Emanuel Laske"]
[Date "2020.06.02"]
[Round "4"]
[White "Lazieri3"]
[Black "Tolka"]
[Result "1-0"]
[WhiteElo "2097"]
[BlackElo "2245"]
[Annotator "TA"]
[PlyCount "111"]
[EventDate "2020.06.02"]
[EventType "swiss (blitz)"]

{[%evp 9,110,-6,0,-18,-10,2,10,8,19,0,10,-48,-43,-64,-64,-89,-85,-93,-70,-100,-64,-73,-72,-86,-62,-70,-71,-93,-93,-120,-79,-85,-84,-133,-135,-185,-183,-173,-162,-149,-139,-175,-180,-207,-189,-174,-178,-196,-181,-270,-175,-183,-184,-332,-146,-162,-149,-149,-143,-138,-28,-93,-91,-134,0,0,0,0,491,375,368,368,12849,368,29979,29980,29985,29986,29986,29987,29986,29981,29990,29991,29991,29992,29992,29993,29993,29994,29995,29996,29996,29997,29997,29998,29998,29998,29998,29999,29999,29999,29999]} 1. e4 c5 2. Nc3 Nc6 3. d3 g6 4. Nf3 Bg7 5. Be3 d6 6. Qd2 {B30: Sicilian: 2...Nc6 3 Bb5, lines without ...g6.} (6. g3 {feels hotter.} Nf6 7. Bg2 O-O 8. O-O e5 9. a4) 6... Bg4 7. Be2 Bxf3 8. Bxf3 {[#] The position is equal.} Rb8 $146 ({Predecessor:} 8... Nd4 9. Bd1 e6 10. O-O Rb8 11. Rb1 Ne7 12. Bh6 O-O 13. Bxg7 Kxg7 14. Ne2 Nxe2+ 15. Bxe2 {0-1 (37) Dobre,A (1851)-Bulmaga,I (2355) Baile Olanesti 2013}) 9. a4 a6 10. a5 (10. O-O $11) 10... Nxa5 $15 11. Rb1 Nc6 12. Nd5 e6 13. Nf4 Nge7 14. Ne2 Nd4 15. Nxd4 cxd4 16. Bh6 Bxh6 17. Qxh6 Qa5+ 18. Ke2 Qe5 19. h4 Ng8 20. Qd2 h5 21. g4 Nf6 22. gxh5 Nxh5 23. Bxh5 Qxh5+ 24. f3 Rc8 25. Rbc1 Qe5 26. f4 Qh5+ 27. Kf2 Rc5 28. c3 dxc3 29. Rxc3 (29. bxc3 $142 Ke7 30. d4) 29... Rxc3 30. Qxc3 $19 {[%mdl 4096] Endgame intending Qc8+. KQR-KQR} O-O 31. Qd4 (31. Kg3 {was called for.}) 31... d5 (31... Rc8 $19 {has better winning chances. ( -> ...Rc2+)} 32. Qe3 Rc2+ 33. Kg3 Rxb2) 32. exd5 exd5 {Threatens to win with ...Re8.} 33. Qe5 Qxe5 34. fxe5 $17 {[#] KR-KR} Rc8 (34... Re8 $1 $17 35. d4 Rc8) 35. h5 (35. Ke3 $11 {keeps the balance.}) 35... Rc2+ 36. Ke3 Rxb2 ({Black should try} 36... gxh5 $17 37. b4 Rb2) 37. hxg6 $11 fxg6 38. Kd4 Rb4+ $2 {[%mdl 8192] White now steadily converts the win.} (38... a5 $11 {and Black is okay.}) 39. Kxd5 $18 Rb5+ 40. Kd6 {Strongly threatening e6.} Kg7 $2 (40... Rb6+ 41. Ke7 Rb4) 41. d4 $2 (41. e6 {Hoping for e7.} Rb3 42. Rh3) 41... a5 $2 (41... Rb6+ $18 42. Kd7 Rb5) 42. d5 {White mates.} a4 43. e6 Ra5 44. e7 Ra8 45. Ke6 b5 46. d6 b4 47. d7 Ra6+ 48. Kd5 Ra5+ 49. Kc4 Rc5+ 50. Kxc5 {KR-K3P} Kf6 51. e8=Q Kg5 52. d8=Q+ {[%mdl 64] [#] Discovered Attack} Kg4 53. Qd4+ Kg3 54. Qee3+ Kg2 55. Qdd2+ Kxh1 56. Qee1# {Accuracy: White = 53%, Black = 61%.} 1-0

[Event "Stay Safe Play From Home 193"]
[Site "T#646517Emanuel Laske"]
[Date "2020.06.02"]
[Round "4"]
[White "Bellbox"]
[Black "SoulofWolf"]
[Result "0-1"]
[WhiteElo "2095"]
[BlackElo "2083"]
[Annotator "TA"]
[PlyCount "96"]
[EventDate "2020.06.02"]
[EventType "swiss (blitz)"]

{[%evp 19,96,40,35,38,39,18,87,76,115,-66,124,140,290,295,352,223,176,72,669,641,836,124,133,121,120,48,41,35,37,0,741,740,723,702,1126,624,1056,1054,1028,1015,1047,1002,979,860,1962,672,1075,293,529,523,522,547,471,257,1223,1212,29981,701,654,-29998,811,795,2310,2277,2104,2083,2016,1918,1655,1318,2475,6,14,14,14,-29966,-12850,-5114,0]} 1. e4 e6 2. d4 d5 3. Nd2 Bb4 4. c3 Ba5 5. Bd3 c5 6. Ngf3 cxd4 7. cxd4 Ne7 8. O-O dxe4 9. Nxe4 Nbc6 10. a3 O-O 11. b4 {E56: Nimzo-Indian: Rubinstein: Main Line: 7...Nc6.} Bc7 12. Re1 f6 (12... Nxd4 $11 13. Bb2 e5) 13. Bc2 {White is better.} Nf5 {[%cal Rc6d4]} 14. Qd3 $2 (14. Bb2 $16) 14... g6 $2 ({And not} 14... Nfxd4 {[#]} 15. Nxf6+ $1 {[%mdl 512]} Rxf6 16. Qxh7+ Kf7 17. Ng5+ Ke8 18. Bg6+ Kd7 19. Be3 $16) (14... Ncxd4 $15 {keeps the upper hand.} 15. Nxd4 Qxd4) 15. Bb2 $16 b6 (15... Nfe7 $16 {was necessary.} 16. Bb3 Nd5) 16. Rad1 a5 17. b5 Nce7 18. a4 (18. d5 $18 {is more deadly.} Nxd5 19. g4) 18... Qe8 $2 {[%mdl 8192]} (18... Nd5 $16) 19. Bb3 $18 Qf7 {If Black can now play ...Nd5 this consolidates a bit.} 20. Ng3 $2 (20. d5 $18 Be5 21. Bxe5 fxe5 22. Neg5) 20... Nxg3 $16 21. hxg3 Nd5 22. Bxd5 (22. Ba3 $16 {Bxd5 is the strong threat.} Rd8 23. Qe4) 22... exd5 $14 23. Ba3 $36 {[%mdl 2048] White has some pressure.} Bf5 24. Qd2 {Black must now prevent Re7.} Rfc8 $2 {[%mdl 8192]} (24... Rfe8 $11) 25. Re7 $18 Qf8 26. Nh4 Bd8 27. Re3 Qf7 28. Nxf5 gxf5 29. Rde1 Bc7 30. Re7 Qg6 31. Qe2 Rd8 32. Qf3 (32. Qe6+ $142 Kh8 33. Rxc7) 32... Bd6 33. R7e6 $2 (33. Qxd5+ Kh8 34. Bxd6) 33... Bf8 $2 (33... Bxa3 {was worth a try.} 34. Qxa3 Rab8) 34. Bxf8 Kxf8 35. Qf4 Rac8 36. Re7 (36. Rc6 $142 {Hoping for Rxc8.} Kg8 37. Rxc8 {[%mdl 64] Overworked Piece} Rxc8 38. Qd6 {[%mdl 64] Double Attack}) 36... Re8 $2 {[#]} (36... Qg5 37. Qf3 (37. Rxh7 Qxf4 38. gxf4 Re8 $16) 37... Rc1) 37. Qd6 $1 {[%mdl 512] Rxe8+ would kill now.} Rxe7 38. Rxe7 {[%mdl 4096] Endgame KQR-KQR} (38. Qxe7+ $142 Kg8 39. Qe6+ {[%mdl 64] Double Attack} Qf7 40. Qxc8+ Kg7 41. Qxf5 Qc7 42. Qxd5 h5 43. Qxh5) 38... Kg8 39. Rd7 $4 {[%mdl 8192]} (39. Re1 $18 Re8 40. Qxd5+ Kh8 41. Rc1) 39... Rf8 $4 {[%mdl 8192]} (39... Rc1+ {and life is good for Black.} 40. Kh2 Qh6#) 40. Qxd5+ Rf7 41. Rxf7 Qxf7 42. Qxf7+ Kxf7 {KP-KP} 43. Kf1 Ke6 44. Ke2 f4 45. Kd3 $2 ({White has to play} 45. gxf4 $18 Kd5 46. Ke3) 45... fxg3 $11 46. fxg3 f5 $1 47. d5+ $2 {[%mdl 8192]} (47. Kd2 $11) 47... Kxd5 48. Ke3 Ke5 $2 {[%mdl 32768] Black used his chance. Accuracy: White = 41%, Black = 23%. . Sensor Board Error (Ke4/e5)?} (48... Kc4 $19 49. g4 fxg4) 0-1

[Event "Stay Safe Play From Home 193"]
[Site "T#646517Emanuel Laske"]
[Date "2020.06.02"]
[Round "4"]
[White "Greblha"]
[Black "Grizzzly"]
[Result "1/2-1/2"]
[WhiteElo "1985"]
[BlackElo "1719"]
[Annotator "TA"]
[PlyCount "108"]
[EventDate "2020.06.02"]
[EventType "swiss (blitz)"]

{[%evp 9,108,26,40,40,43,41,36,28,38,29,67,65,112,64,264,97,108,98,1612,1610,1710,1703,1694,1672,1898,1855,1819,1731,1693,1580,2189,1916,29975,2027,2130,2107,2191,2175,29984,6951,29985,29986,29981,1676,1660,1656,1632,1615,1699,1661,1671,1652,1822,1851,2002,2060,2033,2021,2110,2100,2506,2489,2700,2789,3111,3023,2962,2733,3133,3006,29990,29991,29991,29992,29992,29992,29993,29992,29993,29993,29993,29994,29994,29994,29994,29995,29995,29996,29997,29991,29991,29990,29993,29992,29995,29995,29995,29994,29994,29993,29993]} 1. e4 e6 2. Qe2 d5 3. exd5 Qxd5 4. Nc3 Qa5 5. g3 Bb4 6. Bg2 {C00: French: Unusual White 2nd moves.} Nf6 7. Nf3 O-O 8. O-O {White is slightly better.} Nc6 9. a3 {[#]} Bxc3 $146 ({Predecessor:} 9... e5 10. Rb1 Bxc3 11. dxc3 Bg4 12. h3 Bh5 13. g4 Bg6 14. Nh4 Rfe8 15. Nxg6 hxg6 {1-0 (33) Baches Garcia,G (2379)-Taboas Rodriguez,D (2296) Benidorm 2006}) 10. dxc3 Bd7 11. Bg5 Nd5 $2 (11... Rad8 $14) 12. Bd2 $2 (12. b4 $1 $18 {[%cal Rb4a5]} Qa4 13. c4) 12... Nde7 13. c4 Qb5 $2 {[%mdl 8192]} (13... Qh5 $16) 14. cxb5 $18 Rfd8 15. bxc6 Bxc6 16. Ne5 Nd5 17. Nxc6 bxc6 18. Bxd5 cxd5 19. Bc3 Rab8 20. Rad1 f6 21. Qa6 (21. Qxe6+ $142 Kh8 22. Rxd5 Re8 23. Qf7 Rf8 24. Qxc7 Rbc8 25. Qxa7 Ra8 26. Qd7) 21... e5 22. Rfe1 d4 23. Ba5 Rd6 24. Qc4+ Kh8 25. Bxc7 Rc8 26. Qc5 (26. Qf7 $142 Rc6 {[#]} 27. Bxe5 $1 {[%mdl 576] Discovered Attack} h6 28. Bf4 Rg8 29. Bxh6 $1 {[%mdl 512]} Kh7 30. Re8 Rc7 31. Qxc7) 26... Rd7 27. Qxa7 Rdxc7 28. Qa4 h6 29. Rd2 Kh7 30. b4 {[%cal Bb2b4,Bb4b5][%mdl 32]} Rc3 31. b5 Rb8 32. Rb1 Rc7 33. Qb4 Rcb7 34. a4 e4 35. Rxd4 e3 36. Re4 exf2+ 37. Kxf2 Rd7 38. Rc4 Rbd8 39. Kf3 Rd3+ 40. cxd3 {White mates.} Rxd3+ 41. Kg2 Rd7 42. Kh3 Rf7 43. Qb2 g5 44. Qc2+ Kg7 45. Qf5 h5 46. Rc6 g4+ 47. Kh4 Rf8 48. Qxh5 f5 {[#]} 49. Qxg4+ $3 fxg4 50. Kxg4 Rf6 51. Rd1 Rg6+ 52. Rxg6+ Kxg6 53. Rd5 Kf6 54. Rf5+ Ke6 {[%mdl 32768] Accuracy: White = 62%, Black = 35%. . An unexpected result.} 1/2-1/2